<?xml version="1.0" encoding="UTF-8"?>
<collection xmlns="http://www.loc.gov/MARC21/slim">
<record>
  <controlfield tag="001">307351</controlfield>
  <controlfield tag="005">20240928181418.0</controlfield>
  <datafield tag="035" ind1=" " ind2=" ">
    <subfield code="a">G:(GEPRIS)12918457</subfield>
  </datafield>
  <datafield tag="024" ind1="7" ind2=" ">
    <subfield code="a">G:(GEPRIS)12918457</subfield>
    <subfield code="d">12918457</subfield>
  </datafield>
  <datafield tag="040" ind1=" " ind2=" ">
    <subfield code="a">GEPRIS</subfield>
    <subfield code="c">http://gepris.its.kfa-juelich.de</subfield>
  </datafield>
  <datafield tag="150" ind1=" " ind2=" ">
    <subfield code="a">SPP 1191: Ionische Flüssigkeiten</subfield>
    <subfield code="y">2006 - 2016</subfield>
  </datafield>
  <datafield tag="371" ind1=" " ind2=" ">
    <subfield code="a">Professor Dr. Peter Wasserscheid</subfield>
  </datafield>
  <datafield tag="450" ind1=" " ind2=" ">
    <subfield code="a">DFG project G:(GEPRIS)12918457</subfield>
    <subfield code="w">d</subfield>
    <subfield code="y">2006 - 2016</subfield>
  </datafield>
  <datafield tag="510" ind1="1" ind2=" ">
    <subfield code="a">Deutsche Forschungsgemeinschaft</subfield>
    <subfield code="0">I:(DE-588b)2007744-0</subfield>
    <subfield code="b">DFG</subfield>
  </datafield>
  <datafield tag="680" ind1=" " ind2=" ">
    <subfield code="a">Im Schwerpunktprogramm arbeiten Forschungsgruppen mit belegbarer Expertise in der wissenschaftlichen Auseinandersetzung mit ionischen Flüssigkeiten zusammen, um Projekte zum grundlegenden Verständnis der speziellen Eigenschaften dieser Stoffklasse voranzutreiben. Die geförderten Ansätze zielen unverkennbar darauf ab, die Natur der Wechselwirkungen zwischen den einzelnen Ionen einer ionischen Flüssigkeit einerseits und der ionischen Flüssigkeit mit gelösten Stoffen oder Festkörpergrenzflächen andererseits zu erforschen. Die Arbeiten im Schwerpunktprogramm konzentrieren sich auf folgende drei Themenbereiche: (1) Strukturbildung, Ordnungsgrad und Dynamik ionischer Flüssigkeiten, (2) Wechselwirkungen ionischer Flüssigkeiten mit gelösten Stoffen oder Grenzflächen, (3) neuartige Strukturen zur Bildung ionischer Flüssigkeiten. Diese Arbeiten sollen zu experimentell validierten Modellen führen, die zur Strukturoptimierung ionischer Flüssigkeiten im Hinblick auf vorgegebene oder angestrebte Eigenschaftsprofile verwendet werden können. Als Methoden zur Untersuchung der Wechselwirkungen ionischer Flüssigkeiten mit gelösten Stoffen oder Grenzflächen werden direkte Methoden wie quantenmechanische Berechnungen, kraftfeldbasierte Simulationsrechnungen, Rastersondentechniken oder spektroskopische Arbeitstechniken wie indirekte Methoden gleichermaßen eingesetzt. Letztere schließen thermodynamische Untersuchungen an Stoffsystemen mit ionischen Flüssigkeiten und kinetische Untersuchungen an reaktiven Systemen ein, wenn diese geeignet sind, in erheblichem Maße Rückschlüsse auf strukturbildende Effekte und spezifische Wechselwirkungen zu liefern. Kein Bestandteil des Schwerpunktprogramms sind stark anwendungsorientierte Forschungsansätze zur Verwendung ionischer Flüssigkeiten in elektrochemischen, analytischen, synthetischen, katalytischen, mechanischen und trenntechnischen Anwendungen sowie rein explorative Arbeiten, in denen ionische Flüssigkeiten als Ersatz für herkömmliche Lösungsmittel mit dem Ziel getestet werden, bestimmte praktisch-relevante Nachteile zu umgehen. Ferner sind solche Untersuchungen explizit nicht Teil des Programms, die ausschließlich darauf abzielen, unter Anwendung etablierter Methoden Stoffdaten zu generieren.</subfield>
  </datafield>
  <datafield tag="909" ind1="C" ind2="O">
    <subfield code="o">oai:juser.fz-juelich.de:974226</subfield>
    <subfield code="p">authority:GRANT</subfield>
    <subfield code="p">authority</subfield>
  </datafield>
  <datafield tag="980" ind1=" " ind2=" ">
    <subfield code="a">G</subfield>
  </datafield>
  <datafield tag="980" ind1=" " ind2=" ">
    <subfield code="a">AUTHORITY</subfield>
  </datafield>
  <datafield tag="909" ind1="C" ind2="O">
    <subfield code="o">oai:juser.fz-juelich.de:974226</subfield>
  </datafield>
</record>
</collection>